000090037 001__ 90037
000090037 005__ 20200717113343.0
000090037 037__ $$aTAZ-TFG-2020-644
000090037 041__ $$aspa
000090037 1001_ $$aLegarre de Miguel, Esther
000090037 24200 $$aPhysiotherapy intervention after surgery of Bennett's fracture-dislocation: Based on a clinical case
000090037 24500 $$aIntervención de fisioterapia tras cirugía de una fractura-luxación de Bennett: a propósito de un caso clínico
000090037 260__ $$aZaragoza$$bUniversidad de Zaragoza$$c2020
000090037 506__ $$aby-nc-sa$$bCreative Commons$$c3.0$$uhttp://creativecommons.org/licenses/by-nc-sa/3.0/
000090037 520__ $$aIntroducción: La fractura-luxación de Bennett representa 1/3 de todas las fracturas del primer metacarpiano. Estas fracturas deben ser adecuadamente reducidas e intervenidas quirúrgicamente para asegurar su estabilidad y pronóstico funcional. Tras la cirugía se debe realizar una intervención fisioterápica lo más precoz posible, con el objetivo de conseguir una recuperación rápida y funcional, y evitar la aparición de complicaciones. <br />Objetivos: Diseñar y aplicar un plan de intervención fisioterápico para la rehabilitación y tratamiento de un paciente con una fractura-luxación de Bennett intervenida quirúrgicamente.<br />Metodología: Se utilizó un diseño experimental para un caso único (n=1) de tipo AB. Se realizó una evaluación inicial y final de las variables dependientes dolor, inflamación, rango de movimiento, juego articular, longitud muscular, fuerza muscular, alteraciones intramusculares, alteraciones subcutáneas, sensibilidad y funcionalidad. El tratamiento fisioterápico, la variable independiente, se aplicó utilizando las siguientes técnicas: electroterapia, terapia manual, estiramientos, inhibición por presión, masoterapia, fibrolisis diacutánea, ejercicio terapéutico, vibroterapia, terapia de texturas y neurodinámica. <br />Resultados: La Escala visual analógica disminuyó 4 puntos durante el movimiento, el rango de movimiento y el juego articular recuperaron sus valores normales excepto en la articulación metacarpofalángica I, la repetición máxima aumentó 6,7 Kg para los flexores de muñeca y 6,4 para los extensores de muñeca, hubo una mejora de la sensibilidad y todas las pruebas funcionales presentaron mejoras significativas. <br />Conclusiones: El plan de intervención fisioterápico resultó eficaz ya que se mejoraron o reestablecieron los parámetros de normalidad en todas las variables dependientes medidas.<br />
000090037 521__ $$aGraduado en Fisioterapia
000090037 540__ $$aDerechos regulados por licencia Creative Commons
000090037 700__ $$aVillaroya Aparicio, María Adoración$$edir.
000090037 700__ $$aFanlo Mazas, Pablo$$edir.
000090037 7102_ $$aUniversidad de Zaragoza$$bFisiatría y Enfermería$$cFisioterapia
000090037 8560_ $$f740427@unizar.es
000090037 8564_ $$s873112$$uhttps://zaguan.unizar.es/record/90037/files/TAZ-TFG-2020-644.pdf$$yMemoria (spa)
000090037 909CO $$ooai:zaguan.unizar.es:90037$$pdriver$$ptrabajos-fin-grado
000090037 950__ $$a
000090037 951__ $$adeposita:2020-07-17
000090037 980__ $$aTAZ$$bTFG$$cEUCS
000090037 999__ $$a20200521115033.CREATION_DATE